000 00763nam a2200229Ia 4500
005 20241129110007.0
008 241129s9999||||xx |||||||||||||| ||und||
020 _a978-1-108-40690-1
037 _aTB
040 _aARTS
_beng
_cARTS
041 _aeng
_2eng
084 _aWv R1
_qARTS
100 _aCardim Pedro Ed.; Monteiro Nuno Goncalo Ed.
_9726780
245 0 _aPolitical thought in protugal and its empire, c. 1500-1800
_cCardim Pedro Ed.; Monteiro Nuno Goncalo Ed.
260 _aCambridge, UK
_bCambridge University Press
_c2023
300 _axi,344p.
365 _aUKP
_b22.99
490 _aCambridge text in the history of political thought
650 _aPolitical ScienceHistory
_9726375
942 _cTB
_hWv R1
999 _c1226910
_d1226910